Online
Catalog

Los precursores de Marx : (Record no. 1714)

MARC details
000 -CABECERA
campo de control de longitud fija 00863nam a2200265 a 4500
001 - NÚMERO DE CONTROL
campo de control 000001837
005 - FECHA Y HORA DE LA ÚLTIMA TRANSACCIÓN
campo de control 20250714091948.0
008 - DATOS DE LONGITUD FIJA--INFORMACIÓN GENERAL
campo de control de longitud fija 090629s1976 sp 000 0 spa d
020 ## - NÚMERO INTERNACIONAL ESTÁNDAR DEL LIBRO
Número Internacional Estándar del Libro 8428005885
040 ## - FUENTE DE LA CATALOGACIÓN
Centro catalogador/agencia de origen DO-SdBNP
082 ## - NÚMERO DE LA CLASIFICACIÓN DECIMAL DEWEY
Número de clasificación 335.4
Número de documento/Ítem R958p
049 ## - FONDOS LOCALES (OCLC)
Fondos de biblioteca BNPD
100 1# - ENTRADA PRINCIPAL--NOMBRE DE PERSONA
Nombre de persona Russ, Jacqueline
9 (RLIN) 5983
245 14 - MENCIÓN DE TÍTULO
Título Los precursores de Marx :
Resto del título quienes fueron, que pensaron /
Mención de responsabilidad, etc. Jacqueline Russ ; versión española Pere Núñez.
260 ## - PUBLICACIÓN, DISTRIBUCIÓN, ETC.
Lugar de publicación, distribución, etc. Barcelona, :
Nombre del editor, distribuidor, etc. Nova Terra,
Fecha de publicación, distribución, etc. 1976.
300 ## - DESCRIPCIÓN FÍSICA
Extensión 423 p. ;
Dimensiones 19 cm.
440 #0 - MENCIÓN DE SERIE/PUNTO DE ACCESO ADICIONAL--TÍTULO
Título Nueva síntesis
9 (RLIN) 5984
500 ## - NOTA GENERAL
Nota general Incluye índice
504 ## - NOTA DE BIBLIOGRAFÍA, ETC.
Nota de bibliografía, etc. Incluye referencias bibliográficas
534 ## - NOTA SOBRE LA VERSIÓN ORIGINAL
Frase introductoria Título original
Mención de título del original Pour connaitre la pensée des precurseurs de Marxs
650 #0 - PUNTO DE ACCESO ADICIONAL DE MATERIA--TÉRMINO DE MATERIA
Término de materia o nombre geográfico como elemento de entrada Socialismo
9 (RLIN) 287
650 #4 - PUNTO DE ACCESO ADICIONAL DE MATERIA--TÉRMINO DE MATERIA
Término de materia o nombre geográfico como elemento de entrada Filosófia marxista
9 (RLIN) 846
650 #4 - PUNTO DE ACCESO ADICIONAL DE MATERIA--TÉRMINO DE MATERIA
Término de materia o nombre geográfico como elemento de entrada Utopia
Subdivisión general Historia.
9 (RLIN) 5985
700 1# - PUNTO DE ACCESO ADICIONAL--NOMBRE DE PERSONA
Nombre de persona Núñez, Pere,
9 (RLIN) 5986
Holdings
Estado de retiro Estado de pérdida Restricciones de uso No para préstamo Código de colección Localización permanente Ubicación/localización actual Ubicación en estantería Fecha de adquisición Número de inventario Total de préstamos Signatura topográfica completa Código de barras Fecha visto por última vez Precio válido a partir de Tipo de ítem Koha
        Monografías: Libros y Folletos General General En catalogación 29.06.2009 LF1   335.4 R958p 1837-10 25.06.2020 25.06.2020 Préstamo en sala

Powered by Koha